15 największych stolic europejskich - Statystyki

Ogólne statystyki
  • Ten quiz został rozwiązany 160 razy
  • Średni wynik to 5 z 15
Answers on the Grid
Answers color-coded by a green-red scale on the quiz's grid according to % correct below.
Londyn
Berlin
Madryt
Rzym
Paryż
Wiedeń
Bukareszt
Budapeszt
Belgrad
Stambuł
Warszawa
Kijów
Sofia
Moskwa
Praga
Mińsk
Amsterdam
Ateny
Ankara
Berno
Lizbona
Sankt Petersburg
Sztokholm
Kopenhaga
Ryga
Wilno
Zagrzeb
Oslo
Tirana
Bratysława
 
Statystyki odpowiedzi
Odpowiedź % Poprawnych
Paryż
64%
Rzym
55%
Berlin
51%
Londyn
51%
Moskwa
51%
Warszawa
47%
Madryt
46%
Wiedeń
32%
Kijów
30%
Budapeszt
20%
Praga
19%
Bukareszt
12%
Mińsk
8%
Sofia
8%
Belgrad
4%
Nie znaleziono quizów pasujących do podanych kryteriów
Rozkład punktacji
Procent ludzi z każdym wynikiem
Percentyl według liczby udzielonych odpowiedzi
Twoja historia wyników
Nie rozwiązałeś tego quizu